书目信息 |
| 题名: |
大学美育
|
|
| 作者: | 黄高才 著 | |
| 分册: | ||
| 出版信息: | 北京 北京大学出版社 2018.05 |
|
| 页数: | 206页 | |
| 开本: | 26cm | |
| 丛书名: | ||
| 单 册: | ||
| 中图分类: | G40-014 | |
| 科图分类: | ||
| 主题词: | 美育--mei yu--高等教育--教材 | |
| 电子资源: | ||
| ISBN: | 978-7-301-29451-2 | |
| 000 | 00833nam0 2200241 450 | |
| 001 | 0104125652 | |
| 005 | 20201104125714.0 | |
| 010 | @a978-7-301-29451-2@dCNY59.00 | |
| 100 | @a20181129e20202018em y0chiy50 ea | |
| 101 | 0 | @achi |
| 102 | @aCN@b110000 | |
| 105 | @aa z 000yy | |
| 106 | @ar | |
| 200 | 1 | @a大学美育@Ada xue mei yu@f黄高才著 |
| 210 | @a北京@c北京大学出版社@d2018.05@h2020.06 | |
| 215 | @a206页@c图@d26cm | |
| 300 | @a普通高等教育“十三五”规划教材全国高等院校规划教材·公共课系列 | |
| 330 | @a本书首先对美的概念作了清楚的阐释,准确地揭示了美的本质内涵,明确了美的外延,从而清晰地描述了美的全部内容,使读者对美的各种表现了然于心。 | |
| 606 | 0 | @a美育@Amei yu@x高等教育@j教材 |
| 690 | @aG40-014@v5 | |
| 701 | 0 | @a黄高才@Ahuang gao cai@4著 |
| 801 | 0 | @aCN@bBJSZM@c20201104 |
| 905 | @b1262211-4@dG40-014@e1138@f4 | |
| 大学美育/黄高才著.-北京:北京大学出版社,2018.05(2020.06) |
| 206页:图;26cm |
| 普通高等教育“十三五”规划教材全国高等院校规划教材·公共课系列 |
| ISBN 978-7-301-29451-2:CNY59.00 |
| 本书首先对美的概念作了清楚的阐释,准确地揭示了美的本质内涵,明确了美的外延,从而清晰地描述了美的全部内容,使读者对美的各种表现了然于心。 |
| ● |
| 相关链接 |
|
|
|
|
正题名:大学美育
索取号:G40-014/1138
 
预约/预借
| 序号 | 登录号 | 条形码 | 馆藏地/架位号 | 状态 | 备注 |
| 1 | 1262211 | 212622116 | 第一样本阅览室/ [索取号:G40-014/1138] | 在馆 | |
| 2 | 1262212 | 212622125 | 教育系资料室/ [索取号:G40-014/1138] | 在馆 | |
| 3 | 1262213 | 212622134 | 教育系资料室/ [索取号:G40-014/1138] | 在馆 | |
| 4 | 1262214 | 212622143 | 第四借阅区/ [索取号:G40-014/1138] | 在馆 |